004610000a220010900045001000025000002450137000253000058001627730016002209420008002369520090002449990017003341 aLivingston, Felix R.10aThe entrepreneur as defender of liberty : Pursuit of private interests in a competitive environment can further the cause of freedom aVol. 46, Num. 9 (Septiembre, 1996), Páginas 627-6300 tThe Freeman cANA 001040708HEMaFUSBCbFUSBCd2016-01-26l0o r2016-01-26 00:00:00w2016-01-26yANA c56447d56447